000 00281nam a2200121Ia 4500
008 190216s9999||||xx |||||||||||||| ||und||
100 _aRacine.C
245 0 _aAbstract Algebra An Introduction
250 _aSECOND
260 _bViswanathan S.
_c1965
300 _a197
942 _cBK
999 _c30776
_d30776